[Event "World School-ch U15 Girls"]
[Site "Rhodes"]
[Date "2023.04.19"]
[Round "6"]
[White "Nandin, Erdene Davaadembere"]
[Black "Kirtadze, Anastasia"]
[Result "0-1"]
[WhiteElo "1991"]
[BlackElo "1949"]
[PlyCount "82"]
[EventDate "2023.04.14"]
[EventType "swiss"]
[EventRounds "9"]
[EventCountry "GRE"]
[SourceTitle "EXT 2024"]
[Source "ChessBase"]
[SourceDate "2023.10.10"]
[SourceVersion "1"]
[SourceVersionDate "2023.10.10"]
[SourceQuality "1"]

1. f4 d5 2. Nf3 c5 3. g3 g6 4. Bg2 Bg7 5. 0-0 Nh6 6. Nc3 0-0 7. d3 d4 8. Ne4 Qc7 9. c4 f5 10. Nf2 Nc6 11. Bd2 Nf7 12. a3 a5 13. b3 e5 14. fxe5 Nfxe5 15. Nxe5 Qxe5 16. Nh3 Bd7 17. Nf4 Rae8 18. Re1 g5 19. Nd5 f4 20. gxf4 gxf4 21. Qc1 Bh6 22. Rf1 Ne7 23. Bxf4 Bxf4 24. Nxf4 Bc6 25. Bxc6 bxc6 26. Ng2 Qxe2 27. Qg5+ Ng6 28. Qxc5 Ne5 29. Nh4 Qg4+ 30. Ng2 Nf3+ 31. Rxf3 Qxf3 32. Qxd4 Re2 33. Nh4 Qh3 34. Qd6 Qxh4 35. Kh1 Re1+ 36. Rxe1 Qxe1+ 37. Kg2 Qe2+ 38. Kh3 Rf3+ 39. Kh4 Qf2+ 40. Kh5 Rf5+ 41. Kg4 Qf3+ 0-1

[Event "Wch U14 Girls"]
[Site "Mamaia"]
[Date "2022.09.14"]
[Round "9"]
[White "Vasiljeva, Sofja"]
[Black "Nandin, Erdene Davaadembere"]
[Result "1-0"]
[WhiteElo "1681"]
[BlackElo "1810"]
[PlyCount "55"]
[EventDate "2022.09.06"]
[EventType "swiss"]
[EventRounds "11"]
[EventCountry "ROU"]
[SourceTitle "CBM 210 Extra"]
[Source "ChessBase"]
[SourceDate "2022.11.30"]
[SourceVersion "1"]
[SourceVersionDate "2022.11.30"]
[SourceQuality "1"]

1. e4 c6 2. d4 d5 3. e5 g6 4. h4 h5 5. Bd3 Nh6 6. Nf3 Bg4 7. c3 Bg7 8. Qc2 Bf5 9. Bxh6 Bxd3 10. Qxd3 Rxh6 11. e6 f6 12. 0-0 Na6 13. Ng5 Qc8 14. Re1 f5 15. Nf7 Qc7 16. Qe3 Rh7 17. Qg5 Kf8 18. Qxg6 Kg8 19. Nd2 Qf4 20. Nf3 Rh6 21. Nxh6+ Qxh6 22. Qf7+ Kh8 23. Qxe7 Rg8 24. Ng5 Bf6 25. Nf7+ Kg7 26. Qxb7 Rb8 27. Qd7 Qf4 28. Ng5+ 1-0

[Event "Wch U14 Girls"]
[Site "Mamaia"]
[Date "2022.09.13"]
[Round "8"]
[White "Nandin, Erdene Davaadembere"]
[Black "Nguyen, Ngoc Hien1111"]
[Result "1-0"]
[WhiteElo "1810"]
[BlackElo "1377"]
[PlyCount "55"]
[EventDate "2022.09.06"]
[EventType "swiss"]
[EventRounds "11"]
[EventCountry "ROU"]
[SourceTitle "CBM 210 Extra"]
[Source "ChessBase"]
[SourceDate "2022.11.30"]
[SourceVersion "1"]
[SourceVersionDate "2022.11.30"]
[SourceQuality "1"]

1. e4 e6 2. d4 d5 3. Nc3 Nf6 4. e5 Nfd7 5. f4 c5 6. Nf3 Nc6 7. Be3 a6 8. Qd2 b5 9. a3 Bb7 10. Bd3 Qb6 11. Qf2 b4 12. axb4 Nxb4 13. dxc5 Bxc5 14. Nd4 a5 15. 0-0 Nxd3 16. cxd3 Bxd4 17. Bxd4 Qc6 18. Rfc1 0-0 19. Ne4 Qa6 20. Nd6 Bc6 21. f5 Bb5 22. f6 Bxd3 23. fxg7 Kxg7 24. Rc7 Rad8 25. Rxd7 Rxd7 26. Qf6+ Kg8 27. Be3 Rc8 28. Bh6 1-0

[Event "HUN-ch U14"]
[Site "Eger"]
[Date "2021.08.27"]
[Round "7"]
[White "Vilics, Hanna"]
[Black "Nandin, Erdene Davaadembere"]
[Result "1-0"]
[WhiteElo "1467"]
[BlackElo "1606"]
[PlyCount "97"]
[EventDate "2021.08.20"]
[EventType "swiss"]
[EventRounds "7"]
[EventCountry "HUN"]
[SourceTitle "EXT 2022"]
[Source "ChessBase"]
[SourceDate "2021.10.06"]
[SourceVersion "1"]
[SourceVersionDate "2021.10.06"]
[SourceQuality "1"]

1. d4 g6 2. Nf3 Bg7 3. c4 d6 4. Nc3 f5 5. g3 Nf6 6. Bg2 0-0 7. 0-0 c6 8. d5 e5 9. dxe6 Bxe6 10. Qb3 Qc7 11. Ng5 Bd7 12. Bf4 Qb6 13. c5+ Qxb3 14. axb3 dxc5 15. Bd6 Re8 16. Bxc5 Na6 17. Bd4 h6 18. Nf3 c5 19. Bxf6 Bxf6 20. Nd2 Rab8 21. Bxb7 Rxb7 22. Rxa6 Re6 23. Rfa1 Rxa6 24. Rxa6 Kf7 25. Nc4 Rxb3 26. Rxa7 Ke8 27. Ra8+ Bd8 28. Ra6 Rb4 29. Ne5 Rxb2 30. Rxg6 Ba5 31. Nd5 Kd8 32. Rg8+ Be8 33. Nc6+ Kd7 34. Nxa5 Rb5 35. Nf6+ Ke7 36. Rxe8+ Kxf6 37. Nc4 Rb1+ 38. Kg2 Rc1 39. Ne3 Re1 40. Kf3 Rc1 41. Kf4 Rh1 42. h4 Rh2 43. Kf3 Kf7 44. Rc8 f4 45. Nf1 Rh1 46. Kg2 Rxf1 47. Kxf1 Kg6 48. Rxc5 fxg3 49. fxg3 1-0

[Event "HUN-ch U14"]
[Site "Eger"]
[Date "2021.08.26"]
[Round "5"]
[White "Kovacs, Reka"]
[Black "Nandin, Erdene Davaadembere"]
[Result "1-0"]
[WhiteElo "1478"]
[BlackElo "1606"]
[PlyCount "73"]
[EventDate "2021.08.20"]
[EventType "swiss"]
[EventRounds "7"]
[EventCountry "HUN"]
[SourceTitle "EXT 2022"]
[Source "ChessBase"]
[SourceDate "2021.10.06"]
[SourceVersion "1"]
[SourceVersionDate "2021.10.06"]
[SourceQuality "1"]

1. e4 c6 2. d4 d5 3. Nc3 dxe4 4. Nxe4 Nf6 5. Nxf6+ exf6 6. c3 Bd6 7. Bd3 Be6 8. Ne2 Qc7 9. Qc2 Nd7 10. Be3 0-0-0 11. c4 c5 12. d5 Bg4 13. 0-0-0 Rhe8 14. Bf5 Bxf5 15. Qxf5 g6 16. Qc2 f5 17. Nc3 a6 18. g3 Ne5 19. Bg5 Be7 20. Bxe7 Rxe7 21. d6 Rxd6 22. Nd5 Rxd5 23. cxd5 Qd6 24. Rhe1 c4 25. Kb1 Rc7 26. Qc3 Re7 27. f4 Nd7 28. Qh8+ Kc7 29. Rxe7 a5 30. Qe5 b5 31. Rxf7 h6 32. Qxd6+ Kxd6 33. Rxd7+ Kxd7 34. Kc2 b4 35. Rd4 Kd6 36. Rxc4 Kxd5 37. Kd3 1-0

[Event "HUN-ch U14"]
[Site "Eger"]
[Date "2021.08.25"]
[Round "4"]
[White "Lazsadi, Kerka Lilla"]
[Black "Nandin, Erdene Davaadembere"]
[Result "0-1"]
[WhiteElo "1736"]
[BlackElo "1606"]
[PlyCount "91"]
[EventDate "2021.08.20"]
[EventType "swiss"]
[EventRounds "7"]
[EventCountry "HUN"]
[SourceTitle "EXT 2022"]
[Source "ChessBase"]
[SourceDate "2021.10.06"]
[SourceVersion "1"]
[SourceVersionDate "2021.10.06"]
[SourceQuality "1"]

1. Nf3 f5 2. d4 Nf6 3. g3 g6 4. Bg2 Bg7 5. 0-0 d6 6. c4 0-0 7. Nc3 c6 8. Be3 Na6 9. Rc1 Qe8 10. d5 Bd7 11. Nd4 e5 12. dxe6 Bxe6 13. Nxe6 Qxe6 14. Qb3 Rab8 15. Bxa7 Nc5 16. Bxc5 dxc5 17. e3 Nd7 18. Ne2 Qf6 19. Rc2 Ne5 20. e4 Rfe8 21. f4 Nf7 22. e5 Qe7 23. Rd2 Bh6 24. Bh3 Nxe5 25. Rdd1 Ng4 26. Bxg4 fxg4 27. Rfe1 Bg7 28. Kf2 Qe4 29. Qd3 Qxd3 30. Rxd3 Bxb2 31. Rb1 Bg7 32. Rdb3 Re7 33. Rb6 Rbe8 34. Nc1 Bd4+ 35. Kg2 Re1 36. h3 Rg1+ 37. Kh2 Ree1 38. hxg4 Rxc1 39. Rxc1 Rxc1 40. Rxb7 Rxc4 41. Rc7 Rc2+ 42. Kh3 Bg1 43. g5 Rxa2 44. Rxc6 Kf7 45. Rc7+ Ke6 46. Rxh7 0-1

[Event "HUN-ch U12 Girls"]
[Site "Tapolca"]
[Date "2020.08.18"]
[Round "6"]
[White "Nandin, Erdene Davaadembere"]
[Black "Kovacs, Reka"]
[Result "1-0"]
[WhiteElo "1540"]
[BlackElo "1419"]
[PlyCount "77"]
[EventDate "2020.08.15"]
[EventType "swiss"]
[EventRounds "7"]
[EventCountry "HUN"]
[SourceTitle "EXT 2023"]
[Source "ChessBase"]
[SourceDate "2022.10.05"]
[SourceVersion "1"]
[SourceVersionDate "2022.10.05"]
[SourceQuality "1"]
[WhiteTeam "Hungary"]
[BlackTeam "Hungary"]
[WhiteTeamCountry "HUN"]
[BlackTeamCountry "HUN"]

1. e4 e5 2. Nf3 Nc6 3. Bc4 Bc5 4. c3 Nf6 5. d4 exd4 6. e5 d5 7. Bb5 Ne4 8. cxd4 Bb6 9. Nc3 Bg4 10. Be3 0-0 11. Be2 Re8 12. 0-0 a6 13. h3 Bh5 14. a3 Re6 15. Nxe4 Bxf3 16. Ng5 Bxe2 17. Nxe6 fxe6 18. Qxe2 Bxd4 19. Bxd4 Nxd4 20. Qg4 Nf5 21. Rac1 Rc8 22. Qb4 b6 23. Rc6 Qd7 24. Rfc1 Ne7 25. R6c2 Ng6 26. f4 a5 27. Qd2 c5 28. b4 axb4 29. axb4 c4 30. Rxc4 Rxc4 31. Rxc4 Qa7 32. Rc8+ Kf7 33. Qc1 b5+ 34. Kh2 Qf2 35. Rc2 Qd4 36. Qd2 Qxf4+ 37. Qxf4+ Nxf4 38. Rf2 g5 39. g3 1-0

[Event "Senta op 22nd"]
[Site "Senta"]
[Date "2018.07.15"]
[Round "2"]
[White "Toth, Kazmer"]
[Black "Nandin, Erdene Davaadembere"]
[Result "1-0"]
[WhiteElo "1900"]
[BlackElo "1491"]
[PlyCount "77"]
[EventDate "2018.07.14"]
[EventType "swiss"]
[EventRounds "9"]
[EventCountry "SRB"]
[SourceTitle "CBM 185 Extra"]
[Source "ChessBase"]
[SourceDate "2018.07.29"]
[SourceVersion "1"]
[SourceVersionDate "2018.07.29"]
[SourceQuality "1"]

1. c4 c6 2. d4 d5 3. Nc3 Nf6 4. Nf3 e6 5. Bg5 h6 6. Bh4 Be7 7. e3 Nbd7 8. Bd3 b6 9. cxd5 cxd5 10. 0-0 Bb7 11. Nb5 a6 12. Bxf6 Nxf6 13. Nc3 0-0 14. Rc1 Rc8 15. Ne5 Nd7 16. Nxd7 Qxd7 17. Qe2 b5 18. b3 b4 19. Na4 Qd6 20. Nc5 Rc7 21. Rc2 a5 22. Rfc1 Rb8 23. f4 Bf8 24. g3 f6 25. Qg4 f5 26. Qg6 Re7 27. g4 Bc6 28. gxf5 Be8 29. Qg3 exf5 30. Bxf5 Rf7 31. Be6 Qe7 32. f5 Kh8 33. Qxb8 Rf6 34. Re1 h5 35. Rg2 Rh6 36. Qg3 Bc6 37. Nd3 h4 38. Qg5 Qc7 39. Ne5 1-0

[Event "Wch U10 Girls blitz"]
[Site "Minsk"]
[Date "2018.06.24"]
[Round "1"]
[White "Nandin, Erdene Davaadembere"]
[Black "Kobak, Polina"]
[Result "0-1"]
[WhiteElo "1491"]
[BlackElo "1152"]
[PlyCount "101"]
[EventDate "2018.06.24"]
[EventType "swiss (blitz)"]
[EventRounds "9"]
[EventCountry "BLR"]
[SourceTitle "EXT 2019"]
[Source "ChessBase"]
[SourceDate "2018.10.10"]
[SourceVersion "1"]
[SourceVersionDate "2018.10.10"]
[SourceQuality "1"]

1. e4 e6 2. d4 d5 3. Nc3 Nf6 4. e5 Nfd7 5. f4 c5 6. Nf3 Nc6 7. Be3 a6 8. Be2 b5 9. a3 Qb6 10. Qd2 Bb7 11. b3 Be7 12. a4 b4 13. a5 bxc3 14. Qxc3 Qb4 15. Bd2 Qxc3 16. Bxc3 cxd4 17. Nxd4 Nxd4 18. Bxd4 Bc5 19. Bc3 0-0 20. b4 Ba7 21. Bf3 Rac8 22. Kd2 Rc7 23. Bb2 Rfc8 24. Rac1 d4 25. Bxb7 Rxb7 26. c3 dxc3+ 27. Bxc3 Rbc7 28. Kd3 Nb8 29. Bd2 Rxc1 30. Bxc1 Nc6 31. Bd2 Ne7 32. Rb1 Nd5 33. b5 axb5 34. Rxb5 Rb8 35. Kc4 Nc7 36. Rxb8+ Bxb8 37. Kc5 Kf8 38. Kc6 Nd5 39. Kb7 Bc7 40. a6 Bb6 41. Ba5 Bxa5 42. a7 Nc7 43. Kc6 Ke7 44. Kb7 Kd7 45. g4 Bd2 46. f5 exf5 47. gxf5 Ba5 48. h4 g6 49. e6+ fxe6 50. fxe6+ Kxe6 51. a8Q 0-1

[Event "HUN-chT2 Toth 1718"]
[Site "Hungary"]
[Date "2017.12.17"]
[Round "6.12"]
[White "Nandin, Erdene Davaadembere"]
[Black "Adamicska, Daniel"]
[Result "1-0"]
[WhiteElo "1363"]
[BlackElo "1554"]
[PlyCount "87"]
[EventDate "2017.09.24"]
[EventType "team-tourn"]
[EventRounds "11"]
[EventCountry "HUN"]
[SourceTitle "EXT 2021"]
[Source "ChessBase"]
[SourceDate "2020.10.23"]
[SourceVersion "1"]
[SourceVersionDate "2020.10.23"]
[SourceQuality "1"]
[WhiteTeam "Kecskemet Toth Laszlo II"]
[BlackTeam "Gyula"]
[WhiteTeamCountry "HUN"]
[BlackTeamCountry "HUN"]

1. e4 c5 2. Nf3 e6 3. d4 cxd4 4. Nxd4 g6 5. Be3 Bg7 6. Nc3 a6 7. Be2 Ne7 8. 0-0 0-0 9. f3 Nbc6 10. Nb3 Bxc3 11. bxc3 d5 12. Qe1 Qc7 13. Qh4 f5 14. Nd4 Rf7 15. Bf4 e5 16. Nxc6 exf4 17. Nxe7+ Qxe7 18. Qxf4 fxe4 19. Qd2 Be6 20. fxe4 dxe4 21. Qd4 Raf8 22. Qxe4 Qc5+ 23. Kh1 Rxf1+ 24. Bxf1 Bd5 25. Qd3 Qd6 26. c4 Qf6 27. Qxd5+ Kg7 28. Qd1 Rd8 29. Bd3 Rd4 30. Qf1 Rf4 31. Qe1 Qd4 32. Rb1 Rf7 33. Qg3 Rd7 34. Rf1 Rf7 35. Rxf7+ Kxf7 36. h3 Qa1+ 37. Kh2 Kf6 38. Qc7 Qe5+ 39. Qxe5+ Kxe5 40. Kg3 Kd4 41. Kf3 Kc3 42. c5 Kd4 43. c6 bxc6 44. Bxa6 1-0

[Event "Klatovy op-A 23rd"]
[Site "Klatovy"]
[Date "2017.07.07"]
[Round "7"]
[White "Formanek, Martin"]
[Black "Nandin, Erdene Davaadembere"]
[Result "1/2-1/2"]
[WhiteElo "2273"]
[BlackElo "2373"]
[PlyCount "81"]
[EventDate "2017.07.01"]
[EventType "swiss"]
[EventRounds "9"]
[EventCountry "CZE"]
[SourceTitle "EXT 2018"]
[Source "ChessBase"]
[SourceDate "2017.10.13"]
[SourceVersion "1"]
[SourceVersionDate "2017.10.13"]
[SourceQuality "1"]

1. e4 e5 2. Nf3 Nc6 3. Bb5 a6 4. Ba4 Nf6 5. 0-0 Be7 6. Re1 b5 7. Bb3 d6 8. c3 0-0 9. d3 Na5 10. Bc2 c5 11. Nbd2 Re8 12. Nf1 Nc6 13. a4 Bb7 14. Ng3 Bf8 15. d4 exd4 16. cxd4 Qc7 17. d5 Nb4 18. Bb1 bxa4 19. Rxa4 g6 20. Bd2 a5 21. Bc3 Bg7 22. Qd2 Qd8 23. Bd3 Ba6 24. Bxa6 Rxa6 25. Raa1 Nd7 26. Rad1 Rb6 27. h4 h5 28. Ng5 Bh6 29. f4 f6 30. Ne6 Qe7 31. Qf2 Qf7 32. Qf3 Nc2 33. Re2 Nd4 34. Nxd4 cxd4 35. Bxd4 Rb4 36. Bc3 Rb3 37. Ra1 Ra8 38. Ra3 a4 39. Kh2 Rxa3 40. bxa3 Qe7 41. Kh3 1/2-1/2

[Event "Klatovy op-A 23rd"]
[Site "Klatovy"]
[Date "2017.07.02"]
[Round "2"]
[White "Nandin, Erdene Davaadembere"]
[Black "Kaderabek, Jiri"]
[Result "1-0"]
[WhiteElo "2373"]
[BlackElo "2137"]
[PlyCount "55"]
[EventDate "2017.07.01"]
[EventType "swiss"]
[EventRounds "9"]
[EventCountry "CZE"]
[SourceTitle "EXT 2018"]
[Source "ChessBase"]
[SourceDate "2017.10.13"]
[SourceVersion "1"]
[SourceVersionDate "2017.10.13"]
[SourceQuality "1"]

1. e4 c5 2. Nf3 e6 3. d4 cxd4 4. Nxd4 Nf6 5. Nc3 d6 6. Be3 Be7 7. f3 a6 8. Qd2 b5 9. g4 Bb7 10. 0-0-0 Nc6 11. g5 Nd7 12. h4 Rc8 13. Qg2 0-0 14. Nxc6 Bxc6 15. h5 b4 16. Ne2 Qa5 17. Kb1 Ba4 18. Nd4 e5 19. Nb3 Qc7 20. Bd3 a5 21. g6 fxg6 22. hxg6 Rf6 23. Qh3 Nf8 24. Nc5 Bxc2+ 25. Bxc2 dxc5 26. Bxc5 Rxg6 27. Bb3+ Kh8 28. Bxe7 1-0